| 000 | 02239nam a22001577a 4500 | ||
|---|---|---|---|
| 041 | _aukr | ||
| 080 | _a09 | ||
| 090 | _bНЕЧ | ||
| 100 | _aНечитайло Ю. Ю. | ||
| 245 | _aНа межі мистецтв: Література та Живопис (на матеріалі роману О.Уайльда "Портрет Доріана Грея") | ||
| 260 |
_aОстрог _bКАФ _c2004 |
||
| 300 | _a67 | ||
| 520 |
_aРозділ 1. Порівняльний аналіз портрету в літературі та живописі.
1.1. Історія та стилістика портрету малярського.
1.2. Стилістичні особливості портрету літературного.
1.3. Засоби творення портрету в мистецтві.
Розділ 2. О. Уайльд, мистецікі ідеї та мистецькі проблеми в його романі "Портрет Доріана Грея"
2.1. Естетизм О. Уайльда як філософія життя та філософія мистейтва.
2.2. Поєднання літературного та живописного портрету в романі "Портрет Доріана Грея".
Розділ 3. Підхід О. Уайльда до творення портрету у романі: прийоми та засоби.
3.1. Імя як складова портрету персонажу.
3.2. Роман як автопортрет О. Уайльда; триєдність цього портрету.
3.3. Мовні та мовленнєві засоби творення портрету у романі.
Розділ 4. Аналіз афоризмів О. Уайльда як одного з параметрів його художнього стилю.
4.1. Стилістичні особливості афоризмів та їх походження.
4.2. Семантичні та синтаксичні характеристики афоризмів О. Уайльда.
4.3. Систематизація та класифікація афоризмів. _0Література, живопис, портрет |
||
| 650 | _aResearch Papers | ||
| 999 |
_c282570 _d282570 |
||
| 942 | _cBK | ||